Proceedings of the Utah Academy of Sciences, Arts and Letters.

Bibliographic Details
New Title:Encyclia
Previous Title:Utah Academy of Sciences. Proceedings
Corporate Author: Utah Academy of Sciences, Arts, and Letters
Format: Serial
Language:English
Published: Provo, Utah : Utah Academy of Sciences, Arts and Letters, 1934-1976.
Subjects:
Online Availability: Check for online availability

MARC

Tag First Indicator Second Indicator Subfields
LEADER 00000cas a2200000 a 4500
001 in00000083261
008 790706d19341976utufr 1 a0eng c
005 20250821183745.0
010 |a  19002672   |z sn 85002903   |z sn 79004449  
012 |e n  |i 8906 
019 |a 312977981 
022 0 |a 0083-4823  |l 0083-4823  |2 1 
029 1 |a AU@  |b 000007244377 
029 1 |a AU@  |b 000044755601 
029 1 |a NZ1  |b 13696359 
029 1 |a ZWZ  |b 036632996 
030 |a UASPAH 
035 |a (OCoLC)ocm05144364 
035 |a (OCoLC)5144364  |z (OCoLC)312977981 
035 |a (OCoLC)ocm05144364 
040 |a NOC  |b eng  |c NOC  |d NYG  |d AIP  |d NSD  |d IUL  |d NSD  |d DLC  |d NST  |d OCL  |d OCLCQ  |d ORE  |d OCLCQ  |d OCLCF  |d OCLCO  |d OCLCQ  |d Y5J  |d CAI  |d OCLCQ  |d OCLCO  |d OCLCL 
042 |a nsdp  |a pcc 
050 0 0 |a Q11  |b .U85 
110 2 |a Utah Academy of Sciences, Arts, and Letters. 
210 0 |a Proc. Utah Acad. Sci. Arts Lett. 
222 0 |a Proceedings of the Utah Academy of Sciences, Arts and Letters 
245 1 0 |a Proceedings of the Utah Academy of Sciences, Arts and Letters. 
264 1 |a Provo, Utah :  |b Utah Academy of Sciences, Arts and Letters,  |c 1934-1976. 
300 |a 43 volumes :  |b illustrations ;  |c 25 cm 
310 |a Semiannual,  |b 1962/63- 
321 |a Annual,  |b 1934-1961/62 
336 |a text  |b txt  |2 rdacontent 
337 |a unmediated  |b n  |2 rdamedia 
338 |a volume  |b nc  |2 rdacarrier 
362 0 |a Vol. 11 (1934)-v. 53, part 2 (1976). 
510 2 |a Chemical abstracts  |x 0009-2258 
555 |a Vols. 1-35, 1934-58. 1 v. (Includes indexes to: Transactions of the Utah Academy of Sciences, etc.). 
588 |a Latest issue consulted: V. 52, pt. 2, published 1975 (surrogate). 
650 0 |a Science  |v Periodicals. 
650 0 |a Social sciences  |v Periodicals. 
650 0 |a Literature  |v Periodicals. 
650 7 |a Literature.  |2 fast  |0 (OCoLC)fst00999953 
650 7 |a Science.  |2 fast  |0 (OCoLC)fst01108176 
650 7 |a Social sciences.  |2 fast  |0 (OCoLC)fst01122877 
655 7 |a Periodicals.  |2 fast  |0 (OCoLC)fst01411641 
655 7 |a Periodicals.  |2 lcgft 
776 0 8 |i Online version:  |a Utah Academy of Sciences, Arts, and Letters.  |t Proceedings of the Utah Academy of Sciences, Arts and Letters  |w (OCoLC)615651399 
780 0 0 |a Utah Academy of Sciences.  |t Proceedings  |w (DLC) 89657322  |w (OCoLC)5144328 
785 0 0 |t Encyclia  |x 0196-9110  |w (DLC) 80644516  |w (OCoLC)4295051 
850 |a CU-RivA  |a DLC  |a InIA  |a NcRS  |a NjR 
948 |h NO HOLDINGS IN TXA - 99 OTHER HOLDINGS 
994 |a Z0  |b TXA 
999 f f |s c7a2114a-ef61-36d1-8165-aeb24e302688  |i c4de709a-5875-30f4-8a15-9125c627911d  |t 0 
952 f f |p normal  |a Texas A&M University  |b College Station  |c Sterling C. Evans Library  |d Evans: Library Stacks  |t 0  |e Q11 .U85  |h Library of Congress classification  |i unmediated -- volume  |k v.37-39  |l 1960-1962  |m A14821390310 
952 f f |p normal  |a Texas A&M University  |b College Station  |c Sterling C. Evans Library  |d Evans: Library Stacks  |t 0  |e Q11 .U85  |h Library of Congress classification  |i unmediated -- volume  |k v.45:pt.1  |l 1968  |m A14821390661 
952 f f |p normal  |a Texas A&M University  |b College Station  |c Sterling C. Evans Library  |d Evans: Library Stacks  |t 0  |e Q11 .U85  |h Library of Congress classification  |i unmediated -- volume  |k v.51:pt.2  |l 1974  |m A14821391065 
952 f f |p normal  |a Texas A&M University  |b College Station  |c Sterling C. Evans Library  |d Evans: Library Stacks  |t 0  |e Q11 .U85  |h Library of Congress classification  |i unmediated -- volume  |k v.50:pt.1  |l 1973  |m A14821390564 
952 f f |p normal  |a Texas A&M University  |b College Station  |c Sterling C. Evans Library  |d Evans: Library Stacks  |t 0  |e Q11 .U85  |h Library of Congress classification  |i unmediated -- volume  |k v.16-18  |l 1939-1941  |m A14821390970 
952 f f |p normal  |a Texas A&M University  |b College Station  |c Sterling C. Evans Library  |d Evans: Library Stacks  |t 0  |e Q11 .U85  |h Library of Congress classification  |i unmediated -- volume  |k v.51:pt.1  |l 1974  |m A14821390467 
952 f f |p normal  |a Texas A&M University  |b College Station  |c Sterling C. Evans Library  |d Evans: Library Stacks  |t 0  |e Q11 .U85  |h Library of Congress classification  |i unmediated -- volume  |k v.14-15  |l 1937-1938  |m A14821390920 
952 f f |p normal  |a Texas A&M University  |b College Station  |c Sterling C. Evans Library  |d Evans: Library Stacks  |t 0  |e Q11 .U85  |h Library of Congress classification  |i unmediated -- volume  |k v.43:pt.1  |l 1966  |m A14821391057 
952 f f |p normal  |a Texas A&M University  |b College Station  |c Sterling C. Evans Library  |d Evans: Library Stacks  |t 0  |e Q11 .U85  |h Library of Congress classification  |i unmediated -- volume  |k v.46:pt.2  |l 1969  |m A14821390768 
952 f f |p normal  |a Texas A&M University  |b College Station  |c Sterling C. Evans Library  |d Evans: Library Stacks  |t 0  |e Q11 .U85  |h Library of Congress classification  |i unmediated -- volume  |k v.49:pt.2  |l 1972  |m A14821391015 
952 f f |p normal  |a Texas A&M University  |b College Station  |c Sterling C. Evans Library  |d Evans: Library Stacks  |t 0  |e Q11 .U85  |h Library of Congress classification  |i unmediated -- volume  |k v.44:pt.2  |l 1967  |m A14821390514 
952 f f |p normal  |a Texas A&M University  |b College Station  |c Sterling C. Evans Library  |d Evans: Library Stacks  |t 0  |e Q11 .U85  |h Library of Congress classification  |i unmediated -- volume  |k v.48:pt.1  |l 1971  |m A14821390865 
952 f f |p normal  |a Texas A&M University  |b College Station  |c Sterling C. Evans Library  |d Evans: Library Stacks  |t 0  |e Q11 .U85  |h Library of Congress classification  |i unmediated -- volume  |k v.19-20  |l 1941-1943  |m A14821391023 
952 f f |p normal  |a Texas A&M University  |b College Station  |c Sterling C. Evans Library  |d Evans: Library Stacks  |t 0  |e Q11 .U85  |h Library of Congress classification  |i unmediated -- volume  |k v.49:pt.1  |l 1972  |m A14821390962 
952 f f |p normal  |a Texas A&M University  |b College Station  |c Sterling C. Evans Library  |d Evans: Library Stacks  |t 0  |e Q11 .U85  |h Library of Congress classification  |i unmediated -- volume  |k v.31-33  |l 1954-1956  |m A14821390213 
952 f f |p normal  |a Texas A&M University  |b College Station  |c Sterling C. Evans Library  |d Evans: Library Stacks  |t 0  |e Q11 .U85  |h Library of Congress classification  |i unmediated -- volume  |k v.25-27  |l 1948-1950  |m A14821390116 
952 f f |p normal  |a Texas A&M University  |b College Station  |c Sterling C. Evans Library  |d Evans: Library Stacks  |t 0  |e Q11 .U85  |h Library of Congress classification  |i unmediated -- volume  |k v.44:pt.1  |l 1967  |m A14821391049 
952 f f |p normal  |a Texas A&M University  |b College Station  |c Sterling C. Evans Library  |d Evans: Library Stacks  |t 0  |e Q11 .U85  |h Library of Congress classification  |i unmediated -- volume  |k v.50:pt.2  |l 1973  |m A14821390611 
952 f f |p normal  |a Texas A&M University  |b College Station  |c Sterling C. Evans Library  |d Evans: Library Stacks  |t 0  |e Q11 .U85  |h Library of Congress classification  |i unmediated -- volume  |k v.42  |l 1965  |m A14821390417 
952 f f |p normal  |a Texas A&M University  |b College Station  |c Sterling C. Evans Library  |d Evans: Library Stacks  |t 0  |e Q11 .U85  |h Library of Congress classification  |i unmediated -- volume  |k v.21-24  |l 1943-1947  |m A14821391073 
952 f f |p normal  |a Texas A&M University  |b College Station  |c Sterling C. Evans Library  |d Evans: Library Stacks  |t 0  |e Q11 .U85  |h Library of Congress classification  |i unmediated -- volume  |k v.52:pt.2  |l 1975  |m A14821390996 
952 f f |p normal  |a Texas A&M University  |b College Station  |c Sterling C. Evans Library  |d Evans: Library Stacks  |t 0  |e Q11 .U85  |h Library of Congress classification  |i unmediated -- volume  |k v.48:pt.2  |l 1971  |m A14821390912 
952 f f |p normal  |a Texas A&M University  |b College Station  |c Sterling C. Evans Library  |d Evans: Library Stacks  |t 0  |e Q11 .U85  |h Library of Congress classification  |i unmediated -- volume  |k v.29-30  |l 1951-1953  |m A14821390166 
952 f f |p normal  |a Texas A&M University  |b College Station  |c Sterling C. Evans Library  |d Evans: Library Stacks  |t 0  |e Q11 .U85  |h Library of Congress classification  |i unmediated -- volume  |k v.40-41  |l 1962-1964  |m A14821390360 
952 f f |p normal  |a Texas A&M University  |b College Station  |c Sterling C. Evans Library  |d Evans: Library Stacks  |t 0  |e Q11 .U85  |h Library of Congress classification  |i unmediated -- volume  |k v.12-13  |l 1935-1936  |m A14821390873 
952 f f |p normal  |a Texas A&M University  |b College Station  |c Sterling C. Evans Library  |d Evans: Library Stacks  |t 0  |e Q11 .U85  |h Library of Congress classification  |i unmediated -- volume  |k v.47:pt.1  |l 1970  |m A14821390815 
952 f f |p normal  |a Texas A&M University  |b College Station  |c Sterling C. Evans Library  |d Evans: Library Stacks  |t 0  |e Q11 .U85  |h Library of Congress classification  |i unmediated -- volume  |k v.46:pt.1  |l 1969  |m A14821390718 
952 f f |p normal  |a Texas A&M University  |b College Station  |c Sterling C. Evans Library  |d Evans: Library Stacks  |t 0  |e Q11 .U85  |h Library of Congress classification  |i unmediated -- volume  |k v.52:pt.1  |l 1975  |m A14821391007 
952 f f |p normal  |a Texas A&M University  |b College Station  |c Sterling C. Evans Library  |d Evans: Library Stacks  |t 0  |e Q11 .U85  |h Library of Congress classification  |i unmediated -- volume  |k v.34-36  |l 1957-1959  |m A14821390263 
998 f f |a Q11 .U85  |s v.48-52 (1971-1975)  |t 0  |l Evans: Library Stacks